000 00644nam a2200169Ia 4500
003 SGT
020 _a9780070146624
082 _a658.4038011
_bJAW
100 _aJawadekar,Waman S
245 _aManagement information systems text & cases
250 _a4th Ed.
260 _bTata McGraw Hill Education Private Limited
_aNew Delhi
_c2009
300 _a833p.
650 _aMANAGEMENT
653 _aMANAGEMENT INFORMATION SYSTEMS IN A DIGITAL FIRM,BASICS OF MANAGEMENT INFORMATION SYSTEMS,APPLICATION OF MANAGEMENT INFORMATION SYSTEMS TO E-BUSINESS,INFOTECH INFRASTRUCTURE,COMPREHENSIVE CASES ON MANAGEMENT INFORMATION SYSTEMS
942 _2ddc
_cBK
999 _c4975
_d4975